000 00881nam a2200229 i 4500
001 175290
003 ES-MaACL
005 20250806062546.0
007 t|
008 101020s1972 sp ||||1| spa d
080 _a373.5(460.27 M.)(091)
100 1 _aSimón Díaz, José.
_9106544
245 1 3 _aEl Instituto de San Isidro
_b: (1572-1972) /
_cpor José Simón Díaz.
260 _aMadrid :
_bAyuntamiento de Madrid, Delegación de Educación :
_bInstituto de Estudios Madrileños,
_c1972.
300 _a32 p. ;
_c22 cm.
490 1 _aCiclo de conferencias sobre instituciones madrileñas ;
_v8
610 2 4 _aInstituto de San Isidro (Madrid)-
_vHistoria.
_9143684
710 2 _aInstituto de Estudios Madrileños
_94916
830 0 _aCiclo de conferencias sobre instituciones madrileñas ;
_v8
_9189619
852 _aES-MaACL
_j2259-F-8
_xOlim P-54
999 _c175290
_d175290